00317nam a2200121Ia 4500003000400000008004100004020002500045040000800070100002000078245004700098260004000145300001000185LDD181101s9999 xx 000 0 und d a9788175875500c52.00 cLDD aSiddiqui, Anwar 0aIntikhab mazameen sir syedcAnwar Siddiqui aNew DelhibMaktaba Jamia Ltd.c2011 a136p.